[Event "RUS-ch Blitz"]
[Site "Sochi"]
[Date "2022.10.14"]
[Round "6"]
[White "Dobrov, Vladimir"]
[Black "Chigaev, Maksim"]
[Result "1-0"]
[WhiteElo "2478"]
[BlackElo "2637"]
[PlyCount "101"]
[EventDate "2022.10.14"]
[EventType "swiss (blitz)"]
[EventRounds "13"]
[EventCountry "RUS"]
[SourceTitle "CBM 210 Extra"]
[Source "ChessBase"]
[SourceDate "2022.11.30"]
[SourceVersion "1"]
[SourceVersionDate "2022.11.30"]
[SourceQuality "1"]

1. Nf3 Nf6 2. g3 g6 3. b3 d5 4. Bb2 c5 5. Bg2 h5 6. e3 Nc6 7. d4 cxd4 8. Nxd4 h4 9. c4 Bg4 10. Bf3 Bxf3 11. Qxf3 Ne5 12. Qe2 hxg3 13. fxg3 dxc4 14. bxc4 Neg4 15. Nc3 Bh6 16. 0-0-0 Qa5 17. Nb3 Qa6 18. Kb1 0-0 19. Nd5 Nxd5 20. Rxd5 Nxe3 21. Rb5 Qc6 22. Rc1 Qe4+ 23. Ka1 Qg4 24. Qxg4 Nxg4 25. Re1 b6 26. h3 Nf2 27. Rxe7 Rfe8 28. Rbe5 Rxe7 29. Rxe7 Bf8 30. Rd7 Nxh3 31. Nd4 Rc8 32. Rxa7 Bg7 33. Nb5 Bxb2+ 34. Kxb2 Rxc4 35. Kb3 Rg4 36. Rb7 Rxg3+ 37. Kb4 Nf4 38. Kc4 Rg2 39. a4 Rg4 40. Rxb6 Ne6+ 41. Kd5 Rxa4 42. Nd6 Ra5+ 43. Ke4 Nc5+ 44. Kf4 Ne6+ 45. Ke4 Ra7 46. Ke5 Nf8 47. Rb8 Re7+ 48. Kf4 Kg7 49. Ne8+ Kh6 50. Nf6 Nh7 51. Ng8+ 1-0

[Event "RUS-ch Blitz"]
[Site "Sochi"]
[Date "2022.10.14"]
[Round "4"]
[White "Dobrov, Vladimir"]
[Black "Goltsev, Dmitry"]
[Result "1-0"]
[WhiteElo "2478"]
[BlackElo "2232"]
[PlyCount "77"]
[EventDate "2022.10.14"]
[EventType "swiss (blitz)"]
[EventRounds "13"]
[EventCountry "RUS"]
[SourceTitle "CBM 210 Extra"]
[Source "ChessBase"]
[SourceDate "2022.11.30"]
[SourceVersion "1"]
[SourceVersionDate "2022.11.30"]
[SourceQuality "1"]

1. Nf3 d5 2. c4 Nf6 3. cxd5 Nxd5 4. e4 Nf6 5. Nc3 Nc6 6. d4 Bg4 7. d5 Ne5 8. Be2 Nxf3+ 9. gxf3 Bd7 10. Qb3 Qc8 11. e5 Ng8 12. Be3 e6 13. Rc1 a6 14. f4 Ne7 15. Bf3 exd5 16. Nxd5 Nc6 17. Rg1 Be6 18. Qa4 Qd7 19. Nxc7+ Qxc7 20. Rxc6 bxc6 21. Qxc6+ Qxc6 22. Bxc6+ Kd8 23. Bxa8 Kc7 24. Ke2 Bxa2 25. Rc1+ Kb8 26. Be4 Be7 27. Rc6 Bd8 28. Kf3 a5 29. Ra6 g6 30. Ra8+ Kc7 31. Rxa5 Be6 32. b4 h5 33. b5 Kd7 34. Ra7+ Kc8 35. b6 Bg4+ 36. Kg2 h4 37. Bc6 h3+ 38. Kf1 Bxb6 39. Bxb6 1-0

[Event "RUS-ch Blitz"]
[Site "Sochi"]
[Date "2022.10.14"]
[Round "8"]
[White "Dobrov, Vladimir"]
[Black "Tomashevsky, Evgeny"]
[Result "1/2-1/2"]
[WhiteElo "2478"]
[BlackElo "2696"]
[PlyCount "43"]
[EventDate "2022.10.14"]
[EventType "swiss (blitz)"]
[EventRounds "13"]
[EventCountry "RUS"]
[SourceTitle "CBM 210 Extra"]
[Source "ChessBase"]
[SourceDate "2022.11.30"]
[SourceVersion "1"]
[SourceVersionDate "2022.11.30"]
[SourceQuality "1"]

1. Nf3 d5 2. g3 Nf6 3. Bg2 e6 4. 0-0 Be7 5. b3 0-0 6. Bb2 c5 7. e3 Nc6 8. d4 cxd4 9. exd4 b5 10. Nbd2 a5 11. Ne5 Bb7 12. c4 bxc4 13. bxc4 Rb8 14. Rb1 Ba8 15. Nxc6 Bxc6 16. c5 a4 17. Bc3 Qc7 18. Qc2 Nd7 19. f4 g6 20. Nf3 Nf6 21. Ne5 Ne4 22. Ba5 1/2-1/2

[Event "RUS-ch Blitz"]
[Site "Sochi"]
[Date "2022.10.14"]
[Round "13"]
[White "Dobrov, Vladimir"]
[Black "Triapishko, Alexandr"]
[Result "1/2-1/2"]
[WhiteElo "2478"]
[BlackElo "2506"]
[PlyCount "31"]
[EventDate "2022.10.14"]
[EventType "swiss (blitz)"]
[EventRounds "13"]
[EventCountry "RUS"]
[SourceTitle "CBM 210 Extra"]
[Source "ChessBase"]
[SourceDate "2022.11.30"]
[SourceVersion "1"]
[SourceVersionDate "2022.11.30"]
[SourceQuality "1"]

1. Nf3 Nf6 2. g3 g6 3. b3 b6 4. Bb2 Bg7 5. Bg2 Bb7 6. 0-0 0-0 7. c4 c5 8. e3 e6 9. Nc3 d5 10. cxd5 Nxd5 11. d4 Na6 12. Qe2 cxd4 13. Nxd4 Bxd4 14. exd4 Nxc3 15. Bxc3 Bxg2 16. Kxg2 1/2-1/2

[Event "RUS-ch Blitz"]
[Site "Sochi"]
[Date "2022.10.14"]
[Round "9"]
[White "Pridorozhni, Aleksei"]
[Black "Dobrov, Vladimir"]
[Result "1/2-1/2"]
[WhiteElo "2529"]
[BlackElo "2478"]
[PlyCount "128"]
[EventDate "2022.10.14"]
[EventType "swiss (blitz)"]
[EventRounds "13"]
[EventCountry "RUS"]
[SourceTitle "CBM 210 Extra"]
[Source "ChessBase"]
[SourceDate "2022.11.30"]
[SourceVersion "1"]
[SourceVersionDate "2022.11.30"]
[SourceQuality "1"]

1. e4 c5 2. Nc3 Nc6 3. Bb5 Nd4 4. Nf3 g6 5. Nxd4 cxd4 6. Ne2 Bg7 7. c3 dxc3 8. bxc3 Nf6 9. f3 0-0 10. d4 d6 11. a4 Qc7 12. 0-0 Be6 13. Rb1 Rab8 14. Be3 Bc4 15. Rb4 Bxb5 16. axb5 a5 17. bxa6 bxa6 18. Ra4 Rb2 19. Qd3 a5 20. Rfa1 Ra8 21. Bc1 Rb3 22. Bd2 Nd7 23. Qc2 Rab8 24. R4a2 Qc4 25. Nc1 R3b5 26. Qd3 Qc7 27. c4 Rb2 28. Bxa5 Qa7 29. Bc3 Rxa2 30. Rxa2 Qb6 31. Rb2 Qa7 32. Rxb8+ Qxb8 33. f4 h5 34. e5 Qa7 35. Kf1 dxe5 36. fxe5 e6 37. Nb3 Qa2 38. Nd2 Qa3 39. Ke2 Qa8 40. Qf3 Qa6 41. Qd3 Qa8 42. Ne4 Qa2+ 43. Kf3 Nb6 44. Nd6 Qb3 45. Ke2 Bf8 46. Bd2 Qa2 47. Qc3 Qb1 48. Qb4 Qxb4 49. Bxb4 Nxc4 50. Nxc4 Bxb4 51. Kd3 Kg7 52. Ke4 Be7 53. d5 exd5+ 54. Kxd5 Bb4 55. Nd6 Bc3 56. Ne4 Bb2 57. h3 Ba1 58. Ng5 Bxe5 59. Kxe5 f6+ 60. Kf4 fxg5+ 61. Kxg5 Kf7 62. Kh6 Kf6 63. g4 hxg4 64. hxg4 g5 1/2-1/2

[Event "Titled Tuesday intern op 19th Apr Late"]
[Site "Chess.com INT"]
[Date "2022.04.19"]
[Round "10"]
[White "Dobrov, Vladimir"]
[Black "Caruana, Fabiano"]
[Result "1/2-1/2"]
[WhiteElo "2478"]
[BlackElo "2781"]
[PlyCount "124"]
[EventDate "2022.04.19"]
[EventType "swiss (blitz)"]
[EventRounds "11"]
[EventCountry "USA"]
[SourceTitle "EXT 2023"]
[Source "ChessBase"]
[SourceDate "2022.10.05"]
[SourceVersion "1"]
[SourceVersionDate "2022.10.05"]
[SourceQuality "1"]

1. c4 e5 2. Nc3 Bb4 3. Nf3 Bxc3 4. bxc3 d6 5. e4 Nc6 6. d3 Nge7 7. Be2 0-0 8. 0-0 Kh8 9. Nh4 f5 10. Nxf5 Nxf5 11. exf5 Bxf5 12. Be3 Qh4 13. Qd2 h6 14. f4 Rae8 15. Rae1 b6 16. Bf3 Bd7 17. Be4 exf4 18. Bxf4 Qh5 19. Bg3 Ne5 20. h3 Bf5 21. Rxf5 Rxf5 22. Bxf5 Qxf5 23. d4 Nf3+ 24. gxf3 Rf8 25. Qe2 Qxh3 26. Qg2 Qh5 27. Re7 Qg5 28. Rxc7 Qc1+ 29. Kh2 Rf5 30. Bh4 Qf4+ 31. Qg3 Qd2+ 32. Qg2 Qf4+ 33. Qg3 Qd2+ 34. Kg1 Qe3+ 35. Kg2 Qd2+ 36. Qf2 Qxc3 37. Bg3 Rg5 38. Kh2 Rh5+ 39. Kg2 Qc1 40. Qe1 Qc2+ 41. Bf2 Rg5+ 42. Kh3 Qg6 43. Kh2 Rh5+ 44. Bh4 Kh7 45. Kh3 Qf5+ 46. Kg3 Qg6+ 47. Kh3 Qf5+ 48. Kg2 Qg6+ 49. Bg3 Qc2+ 50. Qf2 Qd3 51. Qe1 Qc2+ 52. Bf2 Rg5+ 53. Kf1 Qd3+ 54. Qe2 Qb1+ 55. Be1 Rg6 56. Qe4 Qxa2 57. Bf2 Qa1+ 58. Ke2 Qb2+ 59. Ke3 Qb3+ 60. Ke2 Qb2+ 61. Ke1 Qc1+ 62. Ke2 Qb2+ 1/2-1/2

[Event "Titled Tuesday intern op 19th Apr Late"]
[Site "Chess.com INT"]
[Date "2022.04.19"]
[Round "9"]
[White "Dobrov, Vladimir"]
[Black "Nakamura, Hikaru"]
[Result "1-0"]
[WhiteElo "2478"]
[BlackElo "2750"]
[PlyCount "79"]
[EventDate "2022.04.19"]
[EventType "swiss (blitz)"]
[EventRounds "11"]
[EventCountry "USA"]
[SourceTitle "EXT 2023"]
[Source "ChessBase"]
[SourceDate "2022.10.05"]
[SourceVersion "1"]
[SourceVersionDate "2022.10.05"]
[SourceQuality "1"]

1. c4 e5 2. Nc3 Nf6 3. Nf3 Nc6 4. e4 Bc5 5. Nxe5 0-0 6. Nf3 Re8 7. d3 d5 8. cxd5 Nxd5 9. Be2 Nf6 10. h3 Nd4 11. 0-0 b6 12. Be3 Ba6 13. Nxd4 Bxd4 14. a4 c5 15. Qc2 Rc8 16. Rfd1 Nd7 17. Bg4 Rc6 18. Bxd7 Qxd7 19. Nd5 Be5 20. Rac1 Bb7 21. f4 Bb8 22. Nc3 f5 23. Qf2 Rd6 24. e5 Rg6 25. g3 Rh6 26. Kh2 Qf7 27. h4 g5 28. fxg5 Rhe6 29. d4 cxd4 30. Bxd4 Bxe5 31. Bxe5 Rxe5 32. Rd2 f4 33. Qxf4 Rf5 34. Qd4 Rf1 35. Rxf1 Qxf1 36. Qg1 Qf3 37. Qd1 Qf5 38. Nd5 Kg7 39. Nf4 Kh8 40. Rd8 1-0

[Event "Titled Tuesday intern op 19th Apr Late"]
[Site "Chess.com INT"]
[Date "2022.04.19"]
[Round "4"]
[White "Hamitevici, Vladimir"]
[Black "Dobrov, Vladimir"]
[Result "0-1"]
[WhiteElo "2482"]
[BlackElo "2478"]
[PlyCount "56"]
[EventDate "2022.04.19"]
[EventType "swiss (blitz)"]
[EventRounds "11"]
[EventCountry "USA"]
[SourceTitle "EXT 2023"]
[Source "ChessBase"]
[SourceDate "2022.10.05"]
[SourceVersion "1"]
[SourceVersionDate "2022.10.05"]
[SourceQuality "1"]

1. g3 d5 2. Nf3 Nd7 3. d4 Nb6 4. Bg2 Bf5 5. a4 a5 6. 0-0 e6 7. Nc3 h6 8. Ne5 Nf6 9. Re1 Bb4 10. Bd2 0-0 11. Nb5 Be7 12. Nc3 Bb4 13. Nb5 c6 14. Nc3 Nbd7 15. Nxd7 Qxd7 16. Nb1 Be7 17. Nc3 Bh7 18. Bf4 Bb4 19. Bd2 Rfe8 20. Qc1 e5 21. dxe5 Rxe5 22. Nd1 Rae8 23. Bxb4 axb4 24. Qd2 Qe7 25. c3 Rxe2 26. Rxe2 Qxe2 27. Qxe2 Rxe2 28. Bf1 Re1 0-1

[Event "Titled Tuesday intern op 05th Apr Early"]
[Site "Chess.com INT"]
[Date "2022.04.05"]
[Round "11"]
[White "Sonis, Francesco"]
[Black "Dobrov, Vladimir"]
[Result "0-1"]
[WhiteElo "2539"]
[BlackElo "2478"]
[PlyCount "84"]
[EventDate "2022.04.05"]
[EventType "swiss (blitz)"]
[EventRounds "11"]
[EventCountry "USA"]
[SourceTitle "CBM 207 Extra"]
[Source "ChessBase"]
[SourceDate "2022.05.31"]
[SourceVersion "1"]
[SourceVersionDate "2022.05.31"]
[SourceQuality "1"]

1. d4 Nf6 2. c4 e6 3. Nf3 d5 4. g3 Bb4+ 5. Bd2 Be7 6. Bg2 0-0 7. 0-0 Nbd7 8. Qc2 c6 9. Bf4 b6 10. Rd1 Bb7 11. Nc3 Rc8 12. e4 dxc4 13. h4 b5 14. a4 a6 15. Ng5 h6 16. Nf3 Qb6 17. Qc1 c5 18. axb5 axb5 19. d5 exd5 20. exd5 Rfe8 21. Bh3 Bf8 22. Qc2 b4 23. Na4 Qb5 24. Nh2 Nxd5 25. Bxd7 Qxd7 26. Nb6 Qe6 27. Nxc8 Nxf4 28. gxf4 Qxc8 29. Qxc4 Qf5 30. Rd3 Re4 31. Qb5 Rxf4 32. Rg3 Qd5 33. f3 Rxh4 34. Qe2 c4 35. Rd1 Bc5+ 36. Kh1 Qh5 37. Qg2 Rxh2+ 38. Qxh2 Bxf3+ 39. Rg2 Bxg2+ 40. Kxg2 Qxd1 41. Qc7 Qd5+ 42. Kh2 Bd6+ 0-1

[Event "Titled Tuesday intern op 22 Mar Late"]
[Site "Chess.com INT"]
[Date "2022.03.22"]
[Round "4"]
[White "Dobrov, Vladimir"]
[Black "Martinez Reyes, Pedro Ramon"]
[Result "1-0"]
[WhiteElo "2478"]
[BlackElo "2404"]
[PlyCount "59"]
[EventDate "2022.03.22"]
[EventType "swiss (blitz)"]
[EventRounds "11"]
[EventCountry "USA"]
[SourceTitle "CBM 207 Extra"]
[Source "ChessBase"]
[SourceDate "2022.05.31"]
[SourceVersion "1"]
[SourceVersionDate "2022.05.31"]
[SourceQuality "1"]

1. d4 d5 2. c4 Nf6 3. Nc3 c6 4. Nf3 g6 5. cxd5 cxd5 6. Bf4 Nc6 7. e3 Bg4 8. Qb3 Na5 9. Qa4+ Bd7 10. Bb5 Nc6 11. Ne5 Rc8 12. Bxc6 bxc6 13. 0-0 Nh5 14. Rac1 Nxf4 15. exf4 Bh6 16. Nxd5 0-0 17. g3 Bh3 18. Nxc6 Rxc6 19. Qxc6 e6 20. Ne3 Bxf1 21. Kxf1 Qxd4 22. b3 Bg7 23. Kg2 Qb2 24. Rc2 Qa3 25. Qc5 Qa6 26. h4 Rd8 27. h5 gxh5 28. Qxh5 Qb7+ 29. Qf3 Qe4 30. Qxe4 1-0

[Event "Titled Tuesday intern op 22 Mar Late"]
[Site "Chess.com INT"]
[Date "2022.03.22"]
[Round "5"]
[White "Swicarz, Maciej"]
[Black "Dobrov, Vladimir"]
[Result "0-1"]
[WhiteElo "2332"]
[BlackElo "2478"]
[PlyCount "70"]
[EventDate "2022.03.22"]
[EventType "swiss (blitz)"]
[EventRounds "11"]
[EventCountry "USA"]
[SourceTitle "CBM 207 Extra"]
[Source "ChessBase"]
[SourceDate "2022.05.31"]
[SourceVersion "1"]
[SourceVersionDate "2022.05.31"]
[SourceQuality "1"]

1. e4 c5 2. Nc3 Nc6 3. Bb5 Nd4 4. Bc4 g6 5. Nf3 Bg7 6. Nxd4 cxd4 7. Qf3 f5 8. Ne2 Qa5 9. 0-0 e6 10. d3 Ne7 11. Bb3 0-0 12. exf5 Nxf5 13. Qg4 b6 14. Qe4 d5 15. Qg4 e5 16. Qf3 Ne3 17. Qxf8+ Bxf8 18. fxe3 Bg4 19. Ng3 dxe3 20. Bxe3 Kh8 21. d4 Bg7 22. dxe5 Bxe5 23. c3 Qb5 24. Rf2 Re8 25. Nf1 Bg7 26. Re1 Bf5 27. h3 h5 28. Rd2 Bd3 29. Nh2 d4 30. cxd4 Rxe3 31. Rxe3 Bxd4 32. Nf1 Bc5 33. Kf2 Bxf1 34. Rd8+ Kg7 35. Rg8+ Kh7 0-1

[Event "Titled Tuesday intern op 08th Mar Late"]
[Site "Chess.com INT"]
[Date "2022.03.08"]
[Round "11"]
[White "Dobrov, Vladimir"]
[Black "Caruana, Fabiano"]
[Result "0-1"]
[WhiteElo "2478"]
[BlackElo "2781"]
[PlyCount "140"]
[EventDate "2022.03.08"]
[EventType "swiss (blitz)"]
[EventRounds "11"]
[EventCountry "USA"]
[SourceTitle "CBM 207 Extra"]
[Source "ChessBase"]
[SourceDate "2022.05.31"]
[SourceVersion "1"]
[SourceVersionDate "2022.05.31"]
[SourceQuality "1"]

1. d4 Nf6 2. c4 d6 3. Nf3 g6 4. Nc3 Bf5 5. Qb3 b6 6. g3 Nc6 7. Bg2 Bg7 8. Qa4 Bd7 9. Qd1 0-0 10. 0-0 Na5 11. b3 c5 12. e3 Rb8 13. Bb2 a6 14. Qe2 b5 15. cxb5 axb5 16. dxc5 b4 17. Na4 Bb5 18. Qc2 Bxf1 19. Rxf1 Qc7 20. Qe2 Ne4 21. Bxg7 Kxg7 22. Qb2+ Kg8 23. cxd6 Qxd6 24. Nd4 Nf6 25. f4 Rbc8 26. Qe2 Rfd8 27. h3 Rb8 28. Kh2 h5 29. Qf2 e6 30. Rd1 Nd5 31. Kg1 Nc6 32. Nf3 Qe7 33. Rc1 Rbc8 34. e4 Nf6 35. Rc4 Nb8 36. Ne5 Rxc4 37. Nxc4 Rd1+ 38. Kh2 Nbd7 39. Nab2 Ra1 40. Nd3 h4 41. g4 g5 42. fxg5 Nh7 43. g6 fxg6 44. e5 Ng5 45. Qb2 Rd1 46. Qe2 Ra1 47. Qb2 Rd1 48. Qe2 Ra1 49. Qe3 Rxa2 50. Nc1 Rc2 51. Ne2 Kg7 52. Nd4 Ra2 53. Nc6 Qc5 54. Nxb4 Qxb4 55. Qxg5 Qf8 56. Qxh4 Qf3 57. Qg3 Qd5 58. Ne3 Qxe5 59. Nc4 Qxg3+ 60. Kxg3 Kf6 61. Bc6 Ne5 62. Nxe5 Kxe5 63. g5 Kf5 64. h4 Rb2 65. Ba4 Rd2 66. Kf3 e5 67. Ke3 Rd4 68. Bb5 Rxh4 69. Bd3+ Kxg5 70. b4 Rxb4 0-1

[Event "Titled Tuesday intern op 08th Feb Early"]
[Site "Chess.com INT"]
[Date "2022.02.08"]
[Round "4"]
[White "Dobrov, Vladimir"]
[Black "Perez Gormaz, Matias Ariel"]
[Result "1-0"]
[WhiteElo "2478"]
[BlackElo "2404"]
[PlyCount "45"]
[EventDate "2022.02.08"]
[EventType "swiss (blitz)"]
[EventRounds "11"]
[EventCountry "USA"]
[SourceTitle "CBM 206 Extra"]
[Source "ChessBase"]
[SourceDate "2022.03.31"]
[SourceVersion "1"]
[SourceVersionDate "2022.03.31"]
[SourceQuality "1"]

1. d4 d5 2. c4 e6 3. Nc3 a6 4. cxd5 exd5 5. Nf3 c6 6. Bg5 Be7 7. h4 h6 8. Bf4 Bd6 9. e3 Bxf4 10. exf4 Qb6 11. Qd2 Bf5 12. Bd3 Ne7 13. 0-0 Bxd3 14. Qxd3 0-0 15. Rfe1 Re8 16. Re2 Nd7 17. Rae1 Kf8 18. h5 Nf6 19. Ne5 Rad8 20. g4 Ne4 21. Nxe4 dxe4 22. Rxe4 Nd5 23. Nd7+ 1-0

[Event "Titled Tuesday intern op 08th Feb Early"]
[Site "Chess.com INT"]
[Date "2022.02.08"]
[Round "6"]
[White "Sadhwani, Raunak"]
[Black "Dobrov, Vladimir"]
[Result "0-1"]
[WhiteElo "2616"]
[BlackElo "2478"]
[PlyCount "116"]
[EventDate "2022.02.08"]
[EventType "swiss (blitz)"]
[EventRounds "11"]
[EventCountry "USA"]
[SourceTitle "CBM 206 Extra"]
[Source "ChessBase"]
[SourceDate "2022.03.31"]
[SourceVersion "1"]
[SourceVersionDate "2022.03.31"]
[SourceQuality "1"]

1. d4 Nf6 2. Nf3 e6 3. Bf4 c5 4. e3 Nc6 5. Nbd2 d5 6. c3 Nh5 7. Bg5 Qb6 8. Rb1 h6 9. Bh4 g5 10. Bg3 Nxg3 11. hxg3 Bg7 12. Be2 Bd7 13. 0-0 g4 14. Ne1 h5 15. Nd3 cxd4 16. cxd4 Qc7 17. b4 Qd6 18. b5 Ne7 19. Nc5 b6 20. Nxd7 Qxd7 21. Bd3 f5 22. Qe2 Kf7 23. Rfc1 Qd6 24. Nb3 h4 25. gxh4 Rxh4 26. g3 Rh3 27. Kg2 e5 28. dxe5 Bxe5 29. Rh1 Bxg3 30. Rxh3 gxh3+ 31. Kh1 Be5 32. Rg1 Rh8 33. Nd2 h2 34. Rg2 Qb4 35. Nf3 Bf6 36. Rxh2 Rxh2+ 37. Kxh2 Qg4 38. Ng1 Qg6 39. Qf3 Be5+ 40. Kh1 Qh6+ 41. Kg2 Ke6 42. Ne2 Qh2+ 43. Kf1 Qh4 44. Qg2 Qa4 45. Ke1 Qa3 46. Bc2 Qxa2 47. Kd1 Qa1+ 48. Kd2 Qb2 49. Qg5 Qxb5 50. Qh6+ Kd7 51. Qg5 Qb4+ 52. Kd1 Qg4 53. Qh6 Kc7 54. f4 Bd6 55. Kd2 Qg2 56. Kd3 Qe4+ 57. Kd2 Bb4+ 58. Kd1 Qxe3 0-1

[Event "Titled Tuesday intern op 08th Feb Early"]
[Site "Chess.com INT"]
[Date "2022.02.08"]
[Round "2"]
[White "Saravana, Krishnan P"]
[Black "Dobrov, Vladimir"]
[Result "1/2-1/2"]
[WhiteElo "2340"]
[BlackElo "2478"]
[PlyCount "153"]
[EventDate "2022.02.08"]
[EventType "swiss (blitz)"]
[EventRounds "11"]
[EventCountry "USA"]
[SourceTitle "CBM 206 Extra"]
[Source "ChessBase"]
[SourceDate "2022.03.31"]
[SourceVersion "1"]
[SourceVersionDate "2022.03.31"]
[SourceQuality "1"]

1. d4 Nf6 2. c4 e6 3. Nf3 d5 4. Nc3 c6 5. Bg5 h6 6. Bxf6 Qxf6 7. e3 Nd7 8. Qc2 Bd6 9. Be2 0-0 10. 0-0 dxc4 11. Bxc4 b6 12. Ne4 Qe7 13. Rac1 Bb7 14. Rfd1 Rfd8 15. a3 a5 16. Ba2 Rac8 17. Bb1 Nf8 18. Qb3 Bc7 19. Ne5 c5 20. Nf3 Bd5 21. Qd3 c4 22. Qe2 b5 23. Nc3 b4 24. axb4 axb4 25. Nxd5 exd5 26. e4 f5 27. e5 g6 28. h4 h5 29. Qe3 Ne6 30. Ng5 Nxg5 31. hxg5 b3 32. f4 Ra8 33. Rd2 Bb6 34. g4 hxg4 35. Rh2 Kg7 36. Rh6 Rh8 37. Bxf5 gxf5 38. Rxb6 Rh3 39. Qe1 Rah8 40. Rh6 R8xh6 41. gxh6+ Kxh6 42. e6 Kg6 43. Rc3 Rxc3 44. bxc3 b2 45. Qb1 Qb7 46. Kf2 Qb3 47. e7 Kf7 48. Qxf5+ Kxe7 49. Qe5+ Kd7 50. Qxd5+ Kc7 51. Qc5+ Kb7 52. Qe7+ Kb6 53. Qc5+ Ka6 54. Qc6+ Ka7 55. Qc7+ Ka6 56. Qc6+ Qb6 57. Qxc4+ Qb5 58. Qc8+ Ka5 59. Qa8+ Qa6 60. Qd8+ Qb6 61. Qd5+ Ka6 62. Qa2+ Kb7 63. Qd5+ Kc7 64. Qf7+ Kb8 65. Qg8+ Ka7 66. Qf7+ Qb7 67. Qa2+ Kb8 68. Qg8+ Ka7 69. Qa2+ Kb8 70. Qg8+ Kc7 71. Qf7+ Kc6 72. Qe6+ Kc7 73. Qf7+ Kb6 74. Qb3+ Kc6 75. Qe6+ Kb5 76. Qb3+ Kc6 77. Qe6+ 1/2-1/2

[Event "Titled Tuesday intern op 01st Feb-B"]
[Site "Chess.com INT"]
[Date "2022.02.02"]
[Round "4"]
[White "Dobrov, Vladimir"]
[Black "Jocev, Milan"]
[Result "1-0"]
[WhiteElo "2478"]
[BlackElo "2317"]
[PlyCount "98"]
[EventDate "2022.02.02"]
[EventType "swiss (blitz)"]
[EventRounds "11"]
[EventCountry "USA"]
[SourceTitle "CBM 206 Extra"]
[Source "ChessBase"]
[SourceDate "2022.03.31"]
[SourceVersion "1"]
[SourceVersionDate "2022.03.31"]
[SourceQuality "1"]

1. d4 Nf6 2. c4 c5 3. d5 b5 4. cxb5 a6 5. e3 g6 6. Nc3 Bg7 7. Nf3 0-0 8. a4 e6 9. e4 exd5 10. exd5 d6 11. Be2 axb5 12. Bxb5 Ba6 13. 0-0 Nbd7 14. Bf4 Nb6 15. Bxa6 Rxa6 16. h3 Ra5 17. Re1 Qd7 18. Qb3 Rb8 19. Ra3 Raa8 20. Qa2 Nh5 21. Bh2 Bxc3 22. bxc3 Rxa4 23. Rxa4 Nxa4 24. c4 Rb4 25. Qe2 Ng7 26. Ng5 Nc3 27. Qd3 h6 28. Nxf7 Qxf7 29. Qxc3 Nf5 30. Bf4 Nd4 31. Bxd6 Rb1 32. Kh2 Rxe1 33. Qxe1 Qf6 34. Qe8+ Kh7 35. Qe7+ Qg7 36. Qxg7+ Kxg7 37. Bxc5 Nf5 38. g4 Nh4 39. Kg3 g5 40. f4 Ng6 41. Bd4+ Kf7 42. f5 Nf4 43. Be3 Ne2+ 44. Kf3 Nc3 45. Bd2 Na4 46. Be3 Nb2 47. c5 Nd3 48. c6 Ne5+ 49. Ke4 Nc4 1-0

[Event "Titled Tuesday intern op 01st Feb-B"]
[Site "Chess.com INT"]
[Date "2022.02.02"]
[Round "1"]
[White "Dobrov, Vladimir"]
[Black "Johnson, Donald"]
[Result "1-0"]
[WhiteElo "2478"]
[BlackElo "2059"]
[PlyCount "161"]
[EventDate "2022.02.02"]
[EventType "swiss (blitz)"]
[EventRounds "11"]
[EventCountry "USA"]
[SourceTitle "CBM 206 Extra"]
[Source "ChessBase"]
[SourceDate "2022.03.31"]
[SourceVersion "1"]
[SourceVersionDate "2022.03.31"]
[SourceQuality "1"]

1. d4 Nf6 2. c4 g6 3. Nc3 d5 4. cxd5 Nxd5 5. e4 Nxc3 6. bxc3 Bg7 7. Nf3 c5 8. Rb1 0-0 9. Be2 Nc6 10. d5 Ne5 11. Nxe5 Bxe5 12. Qd2 e6 13. f4 Bc7 14. 0-0 exd5 15. exd5 Ba5 16. d6 Rb8 17. Bc4 Bf5 18. Rb3 a6 19. a4 Qd7 20. Ra3 Rbd8 21. Rd1 Bg4 22. Be2 Bxe2 23. Qxe2 Rfe8 24. Qf3 Re6 25. f5 Rxd6 26. Rxd6 Qxd6 27. Bg5 Qd1+ 28. Kf2 Qxf3+ 29. Kxf3 Rd3+ 30. Ke4 Rxc3 31. Ra2 Rc4+ 32. Kd5 Rg4 33. Bh6 gxf5 34. Re2 Re4 35. Rf2 Re6 36. Bf4 Rc6 37. Kc4 Bc7 38. Be3 Bxh2 39. Rxf5 Bd6 40. a5 Be7 41. Rd5 Re6 42. Bf2 Rg6 43. g3 Rg4+ 44. Kd3 c4+ 45. Kc2 Re4 46. Bb6 Bf6 47. g4 Re2+ 48. Kd1 Ra2 49. g5 Bc3 50. Rc5 Rd2+ 51. Kc1 Rg2 52. Rxc4 Be5 53. Be3 Rg3 54. Kd2 Rg2+ 55. Kd3 Bd6 56. Rc8+ Bf8 57. Bc5 Rxg5 58. Bxf8 Rg3+ 59. Ke4 Rg4+ 60. Kf5 Rc4 61. Rxc4 Kxf8 62. Kf6 Ke8 63. Rd4 h5 64. Kg5 Ke7 65. Kxh5 Ke6 66. Kg4 f6 67. Rb4 Kd6 68. Rxb7 Kc6 69. Rb6+ Kc7 70. Kf5 Kc8 71. Kxf6 Kc7 72. Ke5 Kc8 73. Kd5 Kc7 74. Rxa6 Kb7 75. Rb6+ Ka7 76. Kc6 Ka8 77. Rb3 Ka7 78. Rf3 Ka6 79. Rf7 Kxa5 80. Rf4 Ka6 81. Ra4# 1-0

[Event "Titled Tuesday intern op 01st Feb-B"]
[Site "Chess.com INT"]
[Date "2022.02.02"]
[Round "2"]
[White "Romanchuk, Viktor"]
[Black "Dobrov, Vladimir"]
[Result "1-0"]
[WhiteElo "2266"]
[BlackElo "2478"]
[PlyCount "81"]
[EventDate "2022.02.02"]
[EventType "swiss (blitz)"]
[EventRounds "11"]
[EventCountry "USA"]
[SourceTitle "CBM 206 Extra"]
[Source "ChessBase"]
[SourceDate "2022.03.31"]
[SourceVersion "1"]
[SourceVersionDate "2022.03.31"]
[SourceQuality "1"]

1. d4 Nf6 2. c4 e6 3. Nc3 Bb4 4. e3 d5 5. a3 Bxc3+ 6. bxc3 c6 7. Bd3 e5 8. cxd5 e4 9. Bf1 cxd5 10. c4 0-0 11. Bd2 Nc6 12. h3 Re8 13. Rb1 b6 14. cxd5 Nxd5 15. Bb5 Bd7 16. Ne2 Qg5 17. Kf1 a6 18. Bxc6 Bxc6 19. Nc3 Nxc3 20. Bxc3 Rac8 21. Kg1 Bd5 22. Bd2 Re6 23. Qg4 Qd8 24. Kh2 Rc2 25. Rhd1 Rec6 26. Be1 a5 27. Qf5 g6 28. Qe5 Re6 29. Qf4 Qc8 30. Rb5 Bc4 31. Re5 Bd3 32. d5 Rxe5 33. Qxe5 Rc5 34. f3 Be2 35. Rd2 exf3 36. gxf3 Bxf3 37. e4 Rc4 38. d6 Rxe4 39. d7 Qd8 40. Qc3 Be2 41. Qc8 1-0

[Event "Titled Tuesday intern op 01st Feb-B"]
[Site "Chess.com INT"]
[Date "2022.02.02"]
[Round "9"]
[White "Senthil, Maran K"]
[Black "Dobrov, Vladimir"]
[Result "0-1"]
[WhiteElo "2208"]
[BlackElo "2478"]
[PlyCount "44"]
[EventDate "2022.02.02"]
[EventType "swiss (blitz)"]
[EventRounds "11"]
[EventCountry "USA"]
[SourceTitle "CBM 206 Extra"]
[Source "ChessBase"]
[SourceDate "2022.03.31"]
[SourceVersion "1"]
[SourceVersionDate "2022.03.31"]
[SourceQuality "1"]

1. Nf3 d5 2. d4 Nf6 3. g3 Nbd7 4. Bg2 e6 5. 0-0 Be7 6. Nbd2 b5 7. a4 b4 8. c4 bxc3 9. bxc3 Ba6 10. c4 0-0 11. Qc2 Rb8 12. Rd1 c5 13. cxd5 Nxd5 14. Ne4 Rc8 15. dxc5 Nxc5 16. Nfg5 Nxe4 17. Qxe4 Bxg5 18. Bb2 Bf6 19. Bd4 Bxd4 20. Rxd4 Qf6 21. h3 Nc3 22. Qh4 Qxd4 0-1